Making of global capitalism (Record no. 640313)

MARC details
000 -LEADER
fixed length control field 00840nam a2200265Ia 4500
003 - CONTROL NUMBER IDENTIFIER
control field OSt
005 - DATE AND TIME OF LATEST TRANSACTION
control field 20220926022824.0
008 - FIXED-LENGTH DATA ELEMENTS--GENERAL INFORMATION
fixed length control field 220923b |||||||| |||| 00| 0 eng d
020 ## - INTERNATIONAL STANDARD BOOK NUMBER
International Standard Book Number 9781781681367
037 ## - SOURCE OF ACQUISITION
Terms of availability General Book
040 ## - CATALOGING SOURCE
Original cataloging agency RTL
Transcribing agency RTL
Language of cataloging eng
041 ## - LANGUAGE CODE
Source of code eng
Language code of text/sound track or separate title eng
100 ## - MAIN ENTRY--PERSONAL NAME
Personal name PANITCH Leo
9 (RLIN) 39947
245 #0 - TITLE STATEMENT
Title Making of global capitalism
Remainder of title The political economy of American empire
260 ## - PUBLICATION, DISTRIBUTION, ETC.
Place of publication, distribution, etc. New York
Name of publisher, distributor, etc. Verso
Date of publication, distribution, etc. 2012
300 ## - PHYSICAL DESCRIPTION
Extent x,470p.
Dimensions cm.
500 ## - GENERAL NOTE
General note Bibliography: P 259-278
650 ## - SUBJECT ADDED ENTRY--TOPICAL TERM
Topical term or geographic name entry element Economics
700 ## - ADDED ENTRY--PERSONAL NAME
Personal name GINDIN Sam
9 (RLIN) 328298
942 ## - ADDED ENTRY ELEMENTS (KOHA)
Classification part X:3L.73, Q2
Koha item type General Books
Source of classification or shelving scheme Colon Classification (CC)
Holdings
Withdrawn status Lost status Damaged status Not for loan Home library Current library Date acquired Source of acquisition Cost, normal purchase price Total Checkouts Full call number Barcode Date last seen Cost, replacement price Price effective from Koha item type
        Ratan Tata Library Ratan Tata Library 2022-09-26 3818, 13/03/2014, Orange Books 1129.44   X:3L.73 Q2 RT1498156 2022-09-26 1129.44 2022-09-26 General Books
Copyright @ Delhi University Library System